HARD MATH - Statistics

General Stats
  • This quiz has been taken 640 times
  • The average score is 10 of 14
Answer Stats
Hint Answer % Correct
2 x 2 4
98%
16 x 16 256
97%
4 x 4 16
96%
1,000 x 1,000 1,000,000
86%
265 x 265 70,225
81%
500 x 500 250,000
79%
3564 x 21 74,844
75%
46576 x 5 232,880
73%
7,492,347 x 6,372 47,741,235,084
66%
64,734 x 546 35,344,764
65%
4657 x 456 2,123,594
60%
542,357,486,816,485 x 5,623,745 3.0500802e21
59%
684,632,948,619,346 x 34 2.32775203e16
36%
537,135,671 x 46,278,476 2.48578203e16
25%
No matching quizzes found
Score Distribution
Percent of People with Each Score
Percentile by Number Answered
Your Score History
You have not taken this quiz